[Event "U1600 Fast Event"]
[Site "SchemingMind.com"]
[Date "2013.04.06"]
[Round "-"]
[White "Phillip Beckett"]
[Black "Ricsige"]
[Result "1/2-1/2"]
[WhiteCountry "ENG"]
[BlackCountry "AHO"]
[WhiteElo "1546"]
[WhiteRD "49"]
[BlackElo "1419"]
[BlackRD "74"]
[GameID "329819"]

1. e4 c5 2. Nf3 Nc6 3. d4 cxd4 4. Nxd4 Nf6 5. Nc3 e5 6. Ndb5 d6 7. Bg5 a6 8. Na3 b5 9. Nd5 Qa5+ 10. Bd2 Qd8
11. Bg5 Qa5+ 12. Bd2=
1/2-1/2

[Event "U1600 Fast Event"]
[Site "SchemingMind.com"]
[Date "2013.04.06"]
[Round "-"]
[White "Ricsige"]
[Black "Phillip Beckett"]
[Result "1/2-1/2"]
[WhiteCountry "AHO"]
[BlackCountry "ENG"]
[WhiteElo "1398"]
[WhiteRD "72"]
[BlackElo "1562"]
[BlackRD "48"]
[GameID "329820"]

1. d4 d5 2. c4 e6 3. cxd5 exd5 4. Nf3 Nf6 5. Bg5 Be7 6. Nc3 h6 7. Bh4 c6 8. e3 O-O 9. Bd3 Ne4 10. Bxe7 Qxe7
11. O-O Nxc3 12. bxc3 Bg4 13. Be2 Nd7 14. h3 Bxf3 15. Bxf3 Nf6 16. Qc2 Ne4 17. Rab1 f5 18. Rb2 Nd6 19. Rfb1 f4 20. exf4 Rxf4
21. Qe2 Qxe2 22. Bxe2 Raf8 23. Bd3 b6 24. f3 Re8 25. Re2 Rff8 26. Rbe1 Rxe2 27. Rxe2 Re8 28. Rxe8+= Nxe8 29. Bg6=
1/2-1/2

[Event "U1600 Fast Event"]
[Site "SchemingMind.com"]
[Date "2013.04.14"]
[Round "-"]
[White "eun77"]
[Black "Phillip Beckett"]
[Result "0-1"]
[WhiteCountry "ISR"]
[BlackCountry "ENG"]
[WhiteElo "1373"]
[WhiteRD "54"]
[BlackElo "1588"]
[BlackRD "51"]
[GameID "330284"]

1. d4 d5 2. e3 Nf6 3. h3 e6 4. Nf3 c5 5. dxc5 Bxc5 6. Be2 O-O 7. O-O Nc6 8. c3 a6 9. b3 Bd7 10. Ba3 Qe7
11. Bxc5 Qxc5 12. b4 Qd6 13. Nd4 Nxd4 14. exd4 Rfc8 15. f4 Ne4 16. Bd3 Nxc3 17. Nxc3 Rxc3 18. Rf3 Rc7 19. a3 Bb5 20. Bxb5 axb5
21. Rc1 Rac8 22. Rxc7 Qxc7 23. Qd2 Qc1+ 24. Qxc1 Rxc1+ 25. Kh2 Rc4 26. Rd3 Kf8 27. Kg3 Ke7 28. Kf3 Kf6 29. g4 Ke7 30. h4 Rc1
31. Kg3 Rg1+ 32. Kh3 Rc1= 33. Kg3 Rc4= 34. f5 Rc1 35. fxe6 fxe6 36. Kf3 Rf1+ 37. Kg2 Rf4 38. Kg3 Re4 39. Rd2 Re3+ 40. Kg2 Rxa3
41. Rc2 Ra4 42. Rc7+ Kf6 43. Rxb7 Rxb4 44. Kf3 Rb1 45. Ke2 b4 46. Kd2 b3 47. Kc3 Rh1 48. Rxb3 Rh3+ 49. Kc2 Rxb3 50. Kxb3 e5
51. dxe5+ Kxe5 52. Kc3 Kf4 53. g5 Kg4 54. Kd4 Kxh4 55. g6 hxg6 56. Kxd5 g5 57. Ke4 Kh3 58. Kf3 g4+ 59. Kf2 Kh2 60. Kf1 g3
0-1

[Event "U1600 Fast Event"]
[Site "SchemingMind.com"]
[Date "2013.04.14"]
[Round "-"]
[White "eun77"]
[Black "Ricsige"]
[Result "1-0"]
[WhiteCountry "ISR"]
[BlackCountry "AHO"]
[WhiteElo "1360"]
[WhiteRD "56"]
[BlackElo "1358"]
[BlackRD "70"]
[GameID "330285"]

1. e4 c5 2. d3 Nc6 3. Nf3 g6 4. Be2 Bg7 5. O-O d6 6. h3 Nf6 7. Nh2 O-O 8. Bg4 Nd4 9. Bxc8 Rxc8 10. c3 Ne6
11. Nd2 b5 12. b3 a5 13. Bb2 Nf4 14. Ndf3 Qd7 15. Bc1 Ne6 16. Bd2 b4 17. c4 Ra8 18. a3 Qb7 19. a4
1-0

[Event "U1600 Fast Event"]
[Site "SchemingMind.com"]
[Date "2013.04.14"]
[Round "-"]
[White "Phillip Beckett"]
[Black "eun77"]
[Result "1-0"]
[WhiteCountry "ENG"]
[BlackCountry "ISR"]
[WhiteElo "1588"]
[WhiteRD "47"]
[BlackElo "1360"]
[BlackRD "56"]
[GameID "330286"]

1. e4 e5 2. Nf3 d6 3. d4 exd4 4. Nxd4 Nc6 5. Bb5 Bd7 6. Nxc6 Bxc6 7. Qd5 Qd7 8. Bxc6 Qxc6 9. Qxc6+ bxc6 10. Be3 Be7
11. Nc3 Nf6 12. f3 O-O 13. O-O h6 14. b3 Nh7 15. Rad1 Bg5 16. Bxg5 Nxg5 17. Ne2 Ne6 18. Nd4 Nxd4 19. Rxd4 c5 20. Rd2 a5
21. Re1 Rae8 22. Rd5 f6 23. Red1 Re5 24. Rxe5 fxe5 25. Kf2 Ra8 26. a4 Rb8 27. Ke3 g5 28. h4 gxh4 29. Kd3 Kh7 30. Kc4 Rg8
31. Rd2 Kg6 32. Kd5 Kf6 33. Kc6 Rg7 34. Kb5 h3 35. gxh3 Rg3 36. Kc6 Rxf3 37. Kxc7 Rxh3 38. Kxd6 Re3 39. Kxc5 Rxe4 40. Kd5 Re1
41. c4 e4 42. c5 Rc1 43. Kxe4 Rxc5 44. Rd6+ Kg5 45. Kd4 Rc1 46. Rd5+ Kg4 47. Rxa5
1-0

[Event "U1600 Fast Event"]
[Site "SchemingMind.com"]
[Date "2013.04.14"]
[Round "-"]
[White "Ricsige"]
[Black "eun77"]
[Result "0-1"]
[WhiteCountry "AHO"]
[BlackCountry "ISR"]
[WhiteElo "1358"]
[WhiteRD "70"]
[BlackElo "1360"]
[BlackRD "56"]
[GameID "330287"]

1. d4 d5 2. c4 c6 3. Nc3 e6 4. e4 dxe4 5. Nxe4 h6 6. a3 Nf6 7. Nxf6+ Qxf6 8. Nf3 Qd8 9. Bd3 Be7 10. O-O O-O
11. Ne5 Nd7 12. f4 Nxe5 13. fxe5 Bg5 14. Qg4 Bxc1 15. Raxc1 Qc7 16. Qf4 Qe7 17. Qe4 g6 18. h4 h5 19. b4 Bd7 20. Rf2 Kg7
0-1

[Event "U1600 Fast Event"]
[Site "SchemingMind.com"]
[Date "2013.04.18"]
[Round "-"]
[White "agoodhobby"]
[Black "Phillip Beckett"]
[Result "1-0"]
[WhiteCountry "USA"]
[BlackCountry "ENG"]
[WhiteElo "1326"]
[WhiteRD "84"]
[BlackElo "1562"]
[BlackRD "48"]
[GameID "330496"]

1. e4 e5 2. Nf3 Nc6 3. Bb5 a6 4. Ba4 Nf6 5. O-O Be7 6. Re1 b5 7. Bb3 O-O 8. c3 d5 9. exd5 Nxd5 10. Nxe5 Nxe5
11. Rxe5 Nf6 12. d4 Bd6 13. Re1 Ng4 14. h3 Qh4 15. Qf3 Nxf2 16. Re2 Bb7 17. Qxb7 Nd3 18. Bxf7+ Kh8 19. Qe4 Qxe4 20. Rxe4 Nxc1
21. Bd5 Rae8 22. Nd2 Rxe4 23. Bxe4 Ne2+ 24. Kh1 Ng3+ 25. Kg1 Nxe4 26. Nxe4 Be7 27. Nc5 Bxc5 28. dxc5 Rd8 29. a4 Rd2 30. axb5 h5
31. bxa6 Rxb2 32. a7
1-0

[Event "U1600 Fast Event"]
[Site "SchemingMind.com"]
[Date "2013.04.18"]
[Round "-"]
[White "agoodhobby"]
[Black "Ricsige"]
[Result "0-1"]
[WhiteCountry "USA"]
[BlackCountry "AHO"]
[WhiteElo "1326"]
[WhiteRD "84"]
[BlackElo "1398"]
[BlackRD "72"]
[GameID "330497"]

1. e4 c5 2. Nf3 Nc6 3. d4 cxd4 4. Nxd4 Nf6 5. Nc3 e5 6. Ndb5 d6 7. Bg5 a6 8. Na3 b5 9. Nd5 Qa5+ 10. Bd2 Qd8
11. c4 bxc4 12. Nxc4 Nxe4 13. Bd3 Nxd2 14. Qxd2 Be6 15. Ndb6 d5 16. Nxa8 Bb4 17. O-O-O Bxd2+ 18. Nxd2 Qxa8 19. Nb3 O-O 20. Nc5 Nb4
21. Nxe6 Nxd3+ 22. Rxd3 fxe6 23. f3 e4 24. fxe4 dxe4 25. Rd6 Qc8+ 26. Kb1 Rf2 27. Rhd1 Qc2+ 28. Ka1 Qxb2#
0-1

[Event "U1600 Fast Event"]
[Site "SchemingMind.com"]
[Date "2013.04.19"]
[Round "-"]
[White "agoodhobby"]
[Black "eun77"]
[Result "1/2-1/2"]
[WhiteCountry "USA"]
[BlackCountry "ISR"]
[WhiteElo "1318"]
[WhiteRD "88"]
[BlackElo "1373"]
[BlackRD "54"]
[GameID "330498"]

1. e4 e5 2. Nf3 d6 3. d4 exd4 4. Nxd4 Nc6 5. Bb5 Bd7 6. Nc3 Nxd4 7. Bxd7+ Qxd7 8. Qxd4 c6 9. O-O b6 10. Re1 O-O-O
11. Bf4 f6 12. Rad1 Qe6 13. a4 Nh6 14. b4 Be7 15. a5 Qd7 16. axb6 axb6 17. Qxb6 Qb7 18. Na4 Qxb6 19. Nxb6+ Kb7 20. Nc4 Nf7
21. Ra1 Ra8 22. Na5+ Kc7 23. c4 Rhb8 24. Reb1 Ne5 25. b5 cxb5 26. cxb5 Nd7 27. g4 Bf8 28. h4 h6 29. Bg3 Nb6 30. Nc6 Rxa1
31. Rxa1 Ra8 32. Rc1 Kd7 33. f4 Rc8 34. g5 fxg5 35. hxg5 hxg5 36. e5 gxf4 37. Bxf4 dxe5 38. Bxe5 Ke8 39. Re1 Kf7 40. Kg2 Re8
41. Kf3 Nd7 42. Bg3 Rxe1 43. Bxe1 Bc5 44. Ke4 Ke6 45. Ba5 Bb6 46. Bxb6 Nxb6 47. Nb4 Kd6 48. Na6=
1/2-1/2

[Event "U1600 Fast Event"]
[Site "SchemingMind.com"]
[Date "2013.04.18"]
[Round "-"]
[White "Phillip Beckett"]
[Black "agoodhobby"]
[Result "1-0"]
[WhiteCountry "ENG"]
[BlackCountry "USA"]
[WhiteElo "1562"]
[WhiteRD "48"]
[BlackElo "1326"]
[BlackRD "84"]
[GameID "330499"]

1. e4 c5 2. Nf3 d6 3. d4 cxd4 4. Nxd4 Nf6 5. Nc3 a6 6. Bg5 e6 7. f4 Qb6 8. Nb3 Be7 9. Qf3 Nbd7 10. O-O-O Qc7
11. Bd3 b5 12. g4 Bb7 13. Bxf6 Nxf6 14. g5 Nd7 15. h4 b4 16. Na4 Bc6 17. f5 O-O 18. f6 Nxf6 19. gxf6 Bxf6 20. Rdg1 Bxa4
21. Qxf6 g6 22. h5 Qd8 23. Qxd8 Raxd8 24. hxg6 hxg6 25. Rh6 Kg7 26. Rgh1 Kf6 27. Nd4 a5 28. Rf1+ Ke7 29. b3 Bd7 30. Bb5 e5
31. Nc6+ Bxc6 32. Bxc6 Rc8 33. Bd5 Rc3 34. Rh7 Re3 35. Rfxf7+ Rxf7 36. Rxf7+ Kd8 37. Rg7
1-0

[Event "U1600 Fast Event"]
[Site "SchemingMind.com"]
[Date "2013.04.18"]
[Round "-"]
[White "Ricsige"]
[Black "agoodhobby"]
[Result "1-0"]
[WhiteCountry "AHO"]
[BlackCountry "USA"]
[WhiteElo "1358"]
[WhiteRD "70"]
[BlackElo "1325"]
[BlackRD "85"]
[GameID "330500"]

1. d4 d5 2. c4 e6 3. Nc3 Nf6 4. Bg5 Be7 5. Nf3 O-O 6. e3 Nbd7 7. Bd3 dxc4 8. Bxc4 c5 9. O-O cxd4 10. Nxd4 Ne5
11. Bb3 h6 12. Bf4 g5 13. Bxe5 Ng4 14. Qxg4 f6 15. Bxe6+ Kg7 16. Nf5+ Kh7 17. Nxe7 Qxe7 18. Bf5+ Bxf5 19. Qxf5+ Kg7 20. Nd5 Qxe5
21. Qxe5 fxe5 22. Nc7 Rac8 23. Ne6+ Kf7 24. Nxf8 Kxf8 25. Rfd1 Kf7 26. Rac1 Rf8 27. Rc7+ Ke6 28. Rdd7 e4 29. Rxb7 Rc8 30. Re7+ Kd5
31. Red7+ Ke6 32. Rbc7 Rxc7 33. Rxc7
1-0

[Event "U1600 Fast Event"]
[Site "SchemingMind.com"]
[Date "2013.04.19"]
[Round "-"]
[White "eun77"]
[Black "agoodhobby"]
[Result "0-1"]
[WhiteCountry "ISR"]
[BlackCountry "USA"]
[WhiteElo "1360"]
[WhiteRD "56"]
[BlackElo "1325"]
[BlackRD "85"]
[GameID "330501"]

1. d4 d5 2. e3 Nf6 3. h3 Bf5 4. Nf3 e6 5. Be2 c6 6. O-O Be7 7. Nh2 O-O 8. Bg4 Bxg4 9. Nxg4 Nbd7 10. Nxf6+ Nxf6
11. a3 Nd7 12. Nd2 Nf6 13. f4 Ne4 14. Nxe4 dxe4 15. b4 b6 16. Qe2 c5 17. bxc5 bxc5 18. dxc5 Bxc5 19. Rd1 Qc7 20. Kh1 e5
21. fxe5 Qxe5 22. Rb1 Bd6 23. g4 f5 24. Bb2 Qc5 25. Bd4 Qc7 26. Rf1 fxg4 27. hxg4 Rxf1+ 28. Rxf1 Bxa3
0-1

[Event "U1600 Fast Event"]
[Site "SchemingMind.com"]
[Date "2013.04.19"]
[Round "-"]
[White "fouche"]
[Black "agoodhobby"]
[Result "1-0"]
[WhiteCountry "COL"]
[BlackCountry "USA"]
[WhiteElo "1571"]
[WhiteRD "61"]
[BlackElo "1325"]
[BlackRD "85"]
[GameID "330588"]

1. d4 d5 2. c4 e6 3. Nc3 Nf6 4. Bg5 Be7 5. Nf3 Nbd7 6. e3 O-O 7. Bd3 dxc4 8. Bxc4 c5 9. O-O cxd4 10. exd4 Qb6
11. Rb1 Rd8 12. Qc2 h6 13. Bh4 Qc6 14. Bb5 Qb6 15. a4 a6 16. Bd3 Qc7 17. Rfe1 b6 18. Rbc1 Bb7 19. Ne4 Qxc2 20. Nxf6+ Bxf6
21. Rxc2 Bxh4 22. Nxh4 Nf6 23. Rc4 g5 24. Nf3 Bxf3 25. gxf3 Rd5 26. Re5 Rad8 27. Rxd5 Rxd5 28. Rc8+ Kg7 29. Bxa6 Rxd4 30. Rc4 e5
31. b4 Nd7 32. Kg2 b5 33. Bxb5 Nb6 34. Rxd4 exd4 35. Kf1 Kf6 36. Ke2 Ke5 37. Kd3 Kf4 38. Bc6 h5 39. Kxd4 Nc8 40. a5 g4
41. fxg4 hxg4 42. b5 Ne7 43. Bg2
1-0

[Event "U1600 Fast Event"]
[Site "SchemingMind.com"]
[Date "2013.04.19"]
[Round "-"]
[White "fouche"]
[Black "Phillip Beckett"]
[Result "1-0"]
[WhiteCountry "COL"]
[BlackCountry "ENG"]
[WhiteElo "1551"]
[WhiteRD "63"]
[BlackElo "1546"]
[BlackRD "49"]
[GameID "330589"]

1. e4 e5 2. f4 Qh4+ 3. g3 Qe7 4. Nf3 exf4 5. gxf4 Qxe4+ 6. Be2 d5 7. Nc3 Qe6 8. O-O Bd6 9. d3 Nf6 10. Be3 c6
11. Bf2 O-O 12. Qd2 Qg4+ 13. Kh1 Qxf4 14. Bg3 Qxd2 15. Nxd2 Bxg3 16. hxg3 Bg4 17. Kg2 Bxe2 18. Nxe2 Ng4 19. Kh3 Ne3 20. Rfc1 Nd7
21. c4 dxc4 22. Nxc4 Nf6 23. Nxe3
1-0

[Event "U1600 Fast Event"]
[Site "SchemingMind.com"]
[Date "2013.04.19"]
[Round "-"]
[White "fouche"]
[Black "Ricsige"]
[Result "1-0"]
[WhiteCountry "COL"]
[BlackCountry "AHO"]
[WhiteElo "1571"]
[WhiteRD "65"]
[BlackElo "1398"]
[BlackRD "72"]
[GameID "330590"]

1. e4 c5 2. Nf3 Nc6 3. d4 cxd4 4. Nxd4 Nf6 5. Nc3 e5 6. Nf5 d5 7. Bd3 dxe4 8. Nxe4 Bxf5 9. Bg5 Bxe4 10. Bxf6 Qxf6
11. Bxe4 Bc5 12. O-O Rd8 13. Qe2 O-O 14. Rfd1 Rxd1+ 15. Rxd1 Nd4 16. Qc4 Qb6 17. b3 Ne6 18. Rd3 Bxf2+ 19. Kf1 Bh4 20. Bxh7+ Kh8
21. Qxh4 Qc5 22. Bg6+
1-0

[Event "U1600 Fast Event"]
[Site "SchemingMind.com"]
[Date "2013.04.20"]
[Round "-"]
[White "fouche"]
[Black "eun77"]
[Result "1-0"]
[WhiteCountry "COL"]
[BlackCountry "ISR"]
[WhiteElo "1571"]
[WhiteRD "61"]
[BlackElo "1360"]
[BlackRD "56"]
[GameID "330591"]

1. d4 d5 2. c4 c6 3. Nc3 e6 4. Nf3 h6 5. e3 Nf6 6. Bd3 Bb4 7. O-O Bxc3 8. bxc3 O-O 9. cxd5 cxd5 10. a4 Nh7
11. Ba3 Re8 12. c4 dxc4 13. Bxc4 b6 14. e4 Ba6 15. Bxa6 Nxa6 16. Re1 Ng5 17. Nxg5 Qxg5 18. Rc1 Rac8 19. Rxc8 Rxc8 20. d5 exd5
21. exd5 Rd8 22. d6 Nc5 23. Bxc5 Qxc5 24. d7 Qc6 25. Re7 b5 26. h3 bxa4 27. Qf3 Qxf3 28. Re8+ Kh7 29. gxf3 Rxd7 30. Re4 a3
31. Ra4 Rd3 32. Kf1 Rxf3 33. Ke2
1-0

[Event "U1600 Fast Event"]
[Site "SchemingMind.com"]
[Date "2013.04.19"]
[Round "-"]
[White "agoodhobby"]
[Black "fouche"]
[Result "0-1"]
[WhiteCountry "USA"]
[BlackCountry "COL"]
[WhiteElo "1326"]
[WhiteRD "84"]
[BlackElo "1571"]
[BlackRD "65"]
[GameID "330592"]

1. d4 Nf6 2. c4 c5 3. Nf3 cxd4 4. Nxd4 d6 5. Nc3 a6 6. e4 Nc6 7. Be2 g6 8. Be3 Bg7 9. O-O O-O 10. Qd2 Qc7
11. f3 e5 12. Nxc6 bxc6 13. Rad1 Be6 14. Qxd6 Qb7 15. b3 Nh5 16. f4 exf4 17. Bxf4 Nxf4 18. Rxf4 Rad8 19. Qxd8 Rxd8 20. Rxd8+ Bf8
21. Bg4 Bxg4 22. Rxg4 Qb6+ 23. Kh1 Qxd8 24. h3 Qd2 25. Na4 Bd6 26. g3 Qxa2 27. c5 Be5 28. Rg5 Qb1+ 29. Kg2 Qc2+ 30. Kf1 Qc1+
0-1

[Event "U1600 Fast Event"]
[Site "SchemingMind.com"]
[Date "2013.04.19"]
[Round "-"]
[White "Phillip Beckett"]
[Black "fouche"]
[Result "0-1"]
[WhiteCountry "ENG"]
[BlackCountry "COL"]
[WhiteElo "1562"]
[WhiteRD "48"]
[BlackElo "1571"]
[BlackRD "65"]
[GameID "330593"]

1. e4 e6 2. d4 d5 3. Nd2 dxe4 4. Nxe4 Nf6 5. Bg5 Be7 6. Nxf6+ Bxf6 7. Bxf6 Qxf6 8. Nf3 Nc6 9. c3 O-O 10. Bd3 e5
11. dxe5 Nxe5 12. Nxe5 Qxe5+ 13. Qe2 Qg5 14. O-O Bg4 15. Qe4 g6 16. f4 Qf6 17. Qe3 b6 18. h3 Rfe8 19. Qf2 Bf5 20. Bxf5 Qxf5
21. g4 Qd3 22. Qf3 Re3 23. Qd1 Rd8 24. Qxd3 Rdxd3 25. f5 Rxh3 26. fxg6 hxg6 27. Kg2 Rdg3+ 28. Kf2 Rxg4 29. Rh1 Rhg3 30. Rad1 Rg2+
31. Kf3 R4g3+ 32. Kf4 g5+ 33. Kf5 Rxb2 34. Rd8+ Kg7 35. Rdh8 Rb5+ 36. Ke4 f5+ 37. Kd4 Rg4+ 38. Kd3 Rd5+ 39. Kc2 Rh4 40. R8xh4 gxh4
41. Rxh4 Kf6 42. Rh7 Rc5 43. Rh6+ Kg5 44. Rh7 Kg4 45. Rg7+ Kf3 46. Rf7 f4 47. Kb3 Ke3 48. Re7+ Kf2 49. Rf7 f3
0-1

[Event "U1600 Fast Event"]
[Site "SchemingMind.com"]
[Date "2013.04.19"]
[Round "-"]
[White "Ricsige"]
[Black "fouche"]
[Result "1-0"]
[WhiteCountry "AHO"]
[BlackCountry "COL"]
[WhiteElo "1358"]
[WhiteRD "70"]
[BlackElo "1571"]
[BlackRD "61"]
[GameID "330594"]

1. d4 Nf6 2. c4 c5 3. d5 e5 4. dxe6 fxe6 5. Nc3 d5 6. cxd5 exd5 7. e4 d4 8. e5 Qe7 9. Qe2 dxc3 10. exf6 Qxe2+
11. Bxe2 gxf6 12. bxc3 Bd6 13. Bh5+ Ke7 14. Nf3 Nc6 15. O-O Be6 16. Re1 Kd7 17. Ba3 Rhg8 18. Rad1 Rg7 19. Bxc5 Rxg2+ 20. Kxg2 Rg8+
21. Kf1 Bh3+ 22. Ke2 Rg5 23. Nxg5 fxg5 24. Rxd6+
1-0

[Event "U1600 Fast Event"]
[Site "SchemingMind.com"]
[Date "2013.04.20"]
[Round "-"]
[White "eun77"]
[Black "fouche"]
[Result "0-1"]
[WhiteCountry "ISR"]
[BlackCountry "COL"]
[WhiteElo "1360"]
[WhiteRD "56"]
[BlackElo "1571"]
[BlackRD "61"]
[GameID "330595"]

1. c4 Nf6 2. d3 e5 3. e4 Nc6 4. Nf3 Bb4+ 5. Bd2 d6 6. Bxb4 Nxb4 7. a3 Nc6 8. h3 O-O 9. Be2 Be6 10. O-O Nd4
11. Nxd4 exd4 12. Nd2 c5 13. Nf3 a6 14. Nh2 Qd7 15. Bg4 Rab8 16. Bxe6 fxe6 17. f4 b5 18. cxb5 axb5 19. b3 d5 20. e5 Ne8
21. Nf3 Rxf4 22. Nh2 Qf7 23. Rxf4 Qxf4 24. Qe1 Qe3+ 25. Qxe3 dxe3
0-1

[Event "U1600 Fast Event"]
[Site "SchemingMind.com"]
[Date "2013.04.20"]
[Round "-"]
[White "Manfred Kraut"]
[Black "fouche"]
[Result "0-1"]
[WhiteCountry "GER"]
[BlackCountry "COL"]
[WhiteElo "1321"]
[WhiteRD "74"]
[BlackElo "1571"]
[BlackRD "65"]
[GameID "330658"]

1. d4 e6 2. Nf3 f5 3. e3 Nf6 4. Bd3 Be7 5. O-O b6 6. b3 Bb7 7. Bb2 O-O 8. Nbd2 c5 9. dxc5 bxc5 10. c4 Na6
11. Ng5 h6 12. Ngf3 Nc7 13. Ne5 d6 14. Ng6 Rf7 15. f4 Ne4 16. Nxe4 Bxe4 17. Bxe4 fxe4 18. Qg4 Bf6 19. Rab1 Bxb2 20. Rxb2 d5
21. Ne5 Rf5 22. cxd5 Nxd5 23. Rd1 Qe8 24. Qe2 Rd8 25. Rc2 a5 26. Rxc5 a4 27. Qb5 axb3 28. Qxb3 Nxe3 29. Rxd8 Qxd8 30. Qxe6+ Kh7
31. Qg6+ Kg8 32. g4 Qd1+
0-1

[Event "U1600 Fast Event"]
[Site "SchemingMind.com"]
[Date "2013.04.20"]
[Round "-"]
[White "Manfred Kraut"]
[Black "agoodhobby"]
[Result "0-1"]
[WhiteCountry "GER"]
[BlackCountry "USA"]
[WhiteElo "1321"]
[WhiteRD "74"]
[BlackElo "1326"]
[BlackRD "84"]
[GameID "330659"]

1. d4 d5 2. Nf3 Nf6 3. e3 c6 4. Bd3 Bg4 5. Nbd2 Nbd7 6. O-O e6 7. b3 Bd6 8. Bb2 O-O 9. Qe1 Qc7 10. Ne5 Nxe5
11. dxe5 Bxe5 12. Bxe5 Qxe5 13. f4 Qc7 14. Qh4 e5 15. Bxh7+ Nxh7 16. Qxg4 f5 17. Qh4 e4 18. c4 Qa5 19. Rf2 Qc3 20. cxd5 Qxa1+
21. Nf1 Qf6 22. dxc6 Qxh4
0-1

[Event "U1600 Fast Event"]
[Site "SchemingMind.com"]
[Date "2013.04.20"]
[Round "-"]
[White "Manfred Kraut"]
[Black "Phillip Beckett"]
[Result "0-1"]
[WhiteCountry "GER"]
[BlackCountry "ENG"]
[WhiteElo "1321"]
[WhiteRD "74"]
[BlackElo "1562"]
[BlackRD "48"]
[GameID "330660"]

1. d4 e5 2. dxe5 Nc6 3. Bf4 Qe7 4. Nf3 Qb4+ 5. Bd2 Qxb2 6. Nc3 Nb4 7. Rb1 Nxc2+ 8. Qxc2 Qxc2 9. g3 d6 10. Bg2 dxe5
11. O-O Bb4 12. Rxb4 f6 13. Rc1 Qg6 14. Nh4 Qf7 15. Bd5 Be6 16. Rxb7 Bxd5 17. Rb5 Bc4 18. Rb4 Bd5 19. Nf5 g6 20. Ne3 Be6
21. Nb5 Rc8 22. Nxa7 Ra8 23. Nc6 Ne7 24. Rb8+ Rxb8 25. Nxb8 Nd5 26. Nc6 O-O 27. a4 Nxe3 28. Bxe3 Bd5 29. a5 Bxc6 30. Rxc6 Rb8
31. a6 Rb1+
0-1

[Event "U1600 Fast Event"]
[Site "SchemingMind.com"]
[Date "2013.04.21"]
[Round "-"]
[White "Manfred Kraut"]
[Black "eun77"]
[Result "1-0"]
[WhiteCountry "GER"]
[BlackCountry "ISR"]
[WhiteElo "1357"]
[WhiteRD "75"]
[BlackElo "1360"]
[BlackRD "56"]
[GameID "330662"]

1. d4 d5 2. Nf3 e6 3. e3 Be7 4. Bd3 Nf6 5. O-O O-O 6. b3 h6 7. Bb2 Nh7 8. Nbd2 Ng5 9. Ne5 Nd7 10. f4 Nxe5
11. fxg5 Nxd3 12. cxd3 Bxg5 13. Qe2 f5 14. Nf3 Bf6 15. Ne5 Bxe5 16. dxe5 Bd7 17. d4 a6 18. Rf4 Rf7 19. g4 g5 20. Rf2 Bb5
21. Qf3
1-0

[Event "U1600 Fast Event"]
[Site "SchemingMind.com"]
[Date "2013.04.21"]
[Round "-"]
[White "fouche"]
[Black "Manfred Kraut"]
[Result "1-0"]
[WhiteCountry "COL"]
[BlackCountry "GER"]
[WhiteElo "1571"]
[WhiteRD "65"]
[BlackElo "1321"]
[BlackRD "74"]
[GameID "330663"]

1. e4 c5 2. Nf3 Nc6 3. d4 cxd4 4. Nxd4 g6 5. Nc3 Bg7 6. Be3 d6 7. Bb5 Bd7 8. O-O Nf6 9. f4 O-O 10. h3 a6
11. Ba4 b5 12. Bb3 Nh5 13. Qd2 e6 14. Rf3 e5 15. fxe5 Nxe5 16. Rf2 Nc4 17. Bxc4 bxc4 18. Raf1 Bxd4 19. Qxd4 Rc8 20. Bh6 Qf6
21. Rxf6
1-0

[Event "U1600 Fast Event"]
[Site "SchemingMind.com"]
[Date "2013.04.21"]
[Round "-"]
[White "agoodhobby"]
[Black "Manfred Kraut"]
[Result "0-1"]
[WhiteCountry "USA"]
[BlackCountry "GER"]
[WhiteElo "1326"]
[WhiteRD "84"]
[BlackElo "1321"]
[BlackRD "74"]
[GameID "330664"]

1. e4 c5 2. Nf3 Nc6 3. d4 cxd4 4. Nxd4 g6 5. c4 Bg7 6. Be3 d6 7. Nc3 Nf6 8. Be2 O-O 9. O-O a6 10. Qd2 Bd7
11. h3 Qc8 12. Nxc6 Bxc6 13. Nd5 Nxd5 14. cxd5 Bb5 15. Bxb5 axb5 16. Bh6 Qc4 17. Bxg7 Kxg7 18. Rfe1 Rxa2 19. Rxa2 Qxa2 20. Rc1 e5
21. Rc7 Qa4 22. Rxb7 Qa1+ 23. Kh2 Qa4 24. Rd7 Qxe4 25. Rxd6 Rc8 26. Qa5 Qf4+ 27. Kg1 Rc1+ 28. Qe1 Rxe1#
0-1

[Event "U1600 Fast Event"]
[Site "SchemingMind.com"]
[Date "2013.04.21"]
[Round "-"]
[White "Phillip Beckett"]
[Black "Manfred Kraut"]
[Result "1-0"]
[WhiteCountry "ENG"]
[BlackCountry "GER"]
[WhiteElo "1546"]
[WhiteRD "49"]
[BlackElo "1334"]
[BlackRD "75"]
[GameID "330665"]

1. e4 c5 2. Nf3 Nc6 3. d4 cxd4 4. Nxd4 g6 5. Be3 Bg7 6. Nc3 d6 7. f3 Nf6 8. Qd2 O-O 9. O-O-O e5 10. Nxc6 bxc6
11. Qxd6 Qxd6 12. Rxd6 Bb7 13. Bc4 Ne8 14. Rd2 a5 15. Rhd1 Nc7 16. Rd7 Rac8 17. Bb6
1-0

[Event "U1600 Fast Event"]
[Site "SchemingMind.com"]
[Date "2013.04.23"]
[Round "-"]
[White "Ricsige"]
[Black "Manfred Kraut"]
[Result "0-1"]
[WhiteCountry "AHO"]
[BlackCountry "GER"]
[WhiteElo "1358"]
[WhiteRD "70"]
[BlackElo "1357"]
[BlackRD "75"]
[GameID "330666"]

1. d4 g6 2. c4 Bg7 3. Nf3 d6 4. Nc3 Nf6 5. e3 O-O 6. Bd3 Nbd7 7. O-O c5 8. Re1 cxd4 9. exd4 e6 10. b3 b6
11. Be3 Bb7 12. Be2 Ne4 13. Nxe4 Bxe4 14. Bd3 Bb7 15. Be2 d5 16. Rc1 a5 17. cxd5 Bxd5 18. h3 Bb7 19. Qd2 b5 20. Nh2 h5
21. Bf3 Bxf3 22. Nxf3 Ra6 23. Qd3 Rb6 24. d5 Rd6 25. Qxb5 Rxd5
0-1

[Event "U1600 Fast Event"]
[Site "SchemingMind.com"]
[Date "2013.04.22"]
[Round "-"]
[White "eun77"]
[Black "Manfred Kraut"]
[Result "0-1"]
[WhiteCountry "ISR"]
[BlackCountry "GER"]
[WhiteElo "1360"]
[WhiteRD "56"]
[BlackElo "1357"]
[BlackRD "75"]
[GameID "330667"]

1. c4 c5 2. d3 Nc6 3. e4 g6 4. Nf3 Bg7 5. Be2 d6 6. h3 Nf6 7. O-O O-O 8. Nh2 b6 9. Nc3 Nd4 10. Nf3 a6
11. Nxd4 cxd4 12. Nd5 e6 13. Nxf6+ Bxf6 14. Bh6 Re8 15. Bd2 d5 16. cxd5 exd5 17. exd5 Qxd5 18. Bf3 Qe5 19. Re1 Qb5
0-1